HIGH SCHOOL MUSICAL (Record no. 433)
[ view plain ]
| 000 -LEADER | |
|---|---|
| fixed length control field | 00521nam a22001457a 4500 |
| 020 ## - INTERNATIONAL STANDARD BOOK NUMBER | |
| ISBN | 978-1-4075-1744-5 |
| 082 ## - DEWEY DECIMAL CLASSIFICATION NUMBER | |
| Classification number | 823 |
| Item number | PER/H |
| 100 ## - MAIN ENTRY--AUTHOR NAME | |
| Personal name | HELEN PERELMAN |
| 245 ## - TITLE STATEMENT | |
| Title | HIGH SCHOOL MUSICAL |
| Remainder of title | HEART TO HEART |
| 260 ## - PUBLICATION, DISTRIBUTION, ETC. (IMPRINT) | |
| Place of publication | UNITED KINGDOM |
| Name of publisher | PARRAGON |
| Year of publication | 2008 |
| 300 ## - PHYSICAL DESCRIPTION | |
| Number of Pages | 125 |
| 520 ## - SUMMARY, ETC. | |
| Summary, etc | WITH GABRIELLA BAKING NON-STOP, AND TROY PRACTISING FOR STATES, CAN THEY FIND A MOMENT TO CELEBRATE VALENTINE'S DAY? AMD WILL SHARPAY'S DREAMS OF VICTORY BE FULFILLED |
| 650 ## - SUBJECT ADDED ENTRY--TOPICAL TERM | |
| Topical Term | STORIES FROM EAST HIGH 6 |
| Geographic subdivision | UNITED KINGDOM |
| 942 ## - ADDED ENTRY ELEMENTS (KOHA) | |
| Koha item type | Books |
| Withdrawn status | Lost status | Collection code | Home library | Current library | Shelving location | Date acquired | Source of acquisition | Cost, normal purchase price | Full call number | Accession Number | Koha item type |
|---|---|---|---|---|---|---|---|---|---|---|---|
| Fiction | Main Library | Main Library | On Display | 12/03/2014 | purchase | 526.00 | 823 PER/H | 07852 | Books | ||
| Fiction | Main Library | Main Library | On Display | 20/03/2014 | purchase | 526.00 | 823 PER/H | 08012 | Books |